| 000 | 00655nam a2200193Ii 4500 | ||
|---|---|---|---|
| 003 | JO-AjNU | ||
| 008 | 230605s9999||||xx |||||||||||||| ||und|| | ||
| 040 |
_aJO-AjNU _bara _erda _cJO-AjNU |
||
| 041 | _aara | ||
| 050 | 1 | 4 | _aD20 .Y2 |
| 100 | 3 |
_aتاليف اليافي، سامي, _eauthor _917400 |
|
| 245 | 0 | 0 | _aالحضارة الإنسانية بين الشرق والغرب في عشر قرون |
| 264 | 3 | 1 | _aد.م: مطبعة العالم العربي، د.ت |
| 300 | _a275ص | ||
| 336 |
_atext _btxt _2rdacontent |
||
| 337 |
_aunmediated _bn _2rdamedia |
||
| 338 |
_avolume _bnc _2rdacarrier |
||
| 650 | 4 |
_aتاريخ العالم--حضارة _917401 |
|
| 999 |
_aA5366 _c8934 _d8934 |
||